| 000 | 00588nam a2200193 u 4500 | ||
|---|---|---|---|
| 005 | 20210223132846.0 | ||
| 008 | 160303s1999 mx r 000 0 spa d | ||
| 020 | _a9687870516 | ||
| 035 | _aUPN01000208686 | ||
| 049 | _aCG | ||
| 050 | 4 |
_aPQ7797 B6.35 _bG3.7 |
|
| 100 | 1 |
_aGarza Saldívar, Norma, _d1964- _938824 |
|
| 245 | 1 | 0 |
_aBorges, la huella del minotauro / _cNorma Garza Saldívar. |
| 260 |
_aMéxico : _bAldus : _bINBA, _c1999. |
||
| 300 | _a66 p. | ||
| 440 | 4 | _aLas horas situadas | |
| 600 | 1 | 4 |
_aBORGES, JORGE LUIS, _d1899-1986 - _xCRITICA E INTERPRETACION _95546 |
| 905 | _aLibro | ||
| 999 |
_c180787 _d180787 |
||